Szczegóły MARC21

Rozwiązywanie konfliktów : praktyczny poradnik dla pracodawców i menedżerów /

003 -Nazwa inst., której nr kontr. jest w polu 001 [,]
    • @
    • Nazwa instytucji, której n kontrolny jest w polu 001
    • NUKAT
005 -DATA I CZAS OSTATNIEJ MODYFIKACJI [,]
    • @
    • pole kontrolne
    • 20241231105214.0
020 -Międzynarod. znormalizowany nr książki - ISBN [ , ]
    • a
    • Numer ISBN
    • 9788389537140 Find
040 -Instytucja sporządzająca opis [ , ]
    • a
    • Instytucja, która sporządziła opis (NP)
    • WR U/jd
    • c
    • Instytucja, która sporządziła rekord (NP)
    • WR U/jd
    • d
    • Instytucja, która zmodyfikowała rekord (P)
    • WR U/dl
041 -Język dokumentu [1, ]
    • a
    • Język tekstu (P)
    • polski
    • h
    • Język tekstu oryginalnego i/lub pośredniego (P)
    • szwedzki
942 -Rodzaj dokumentu [ , ]
    • c
    • Rodzaj dokumentu
    • Książka
100 -Hasło główne - nazwa osobowa [1, ]
    • a
    • Nazwa osobowa (NP)
    • Bohm, Fredric
    • d
    • Daty biograficzne (NP)
    • (1971- ).
    • 9
    • KHW
    • 55314
240 -Tytuł ujednolicony [1,0]
    • a
    • Tytuł ujednolicony
    • Konflikthantering
    • l
    • Język tekstu
    • (pol.)
    • 9
    • KHW
    • 55318
245 -Strefa tytułu i oznaczenia odpowiedzialności [1,0]
    • a
    • Tytuł
    • Rozwiązywanie konfliktów : Find
    • b
    • Ciąg dalszy tytułu (NP)
    • praktyczny poradnik dla pracodawców i menedżerów / Find
    • c
    • Pozostałe elementy strefy tytułu i oznaczenia odpowiedzialności (NP)
    • Fredric Bohm i Stefan Laurell ; przetłumaczył i opracował Marcin Aszyk.
250 -Strefa wydania [ , ]
    • a
    • Oznaczenie wydania (NP)
    • Wyd. 2.
260 -Strefa adresu wydawniczego [ , ]
    • a
    • Miejsce wydania (P)
    • Gdańsk :
    • b
    • Nazwa wydawcy (P)
    • BL Info Polska Wydawnictwo,
    • c
    • Data wydania (P)
    • 2009.
300 -Strefa opisu fizycznego [ , ]
    • a
    • Określenie formy książki i/lub objętość (NP)
    • 114 s. :
    • b
    • Oznaczenie ilustracji (NP)
    • il. ;
    • c
    • Format (NP)
    • 23 cm.
336 -Typ zawartości [ , ]
    • a
    • Termin opisujący typ zawartości
    • Tekst
    • b
    • Kod określający zawartość
    • txt
    • 2
    • Źródło (terminu i kodu)
    • rdacontent
337 -Typ mediów [ , ]
    • a
    • Tryb odtwarzania
    • Bez urządzenia pośredniczącego
    • b
    • Kod typu mediów
    • n
    • 2
    • Źródło (terminu i kodu)
    • rdamedia
338 -Typ/rodzaj nośnika [ , ]
    • a
    • Hasło opisujące typ nośnika
    • Wolumin
    • b
    • Kod typu nośnika
    • nc
    • 2
    • Źródło (terminu i kodu)
    • rdacarrier
080 -Uniwersalna Klasyfikacja Dziesiętna [ , ]
    • 2
    • Identyfikator wydania tablic
    • UDC-P058
    • 9
    • UKD
    • 3011
    • a
    • Symbol klasyfikacji
    • 331.101:159.9
    • b
    • Dopowiedzenie
    • Psychologia pracy.
080 -Uniwersalna Klasyfikacja Dziesiętna [ , ]
    • 2
    • Identyfikator wydania tablic
    • UDC-P058
    • 9
    • UKD
    • 2820
    • a
    • Symbol klasyfikacji
    • 316.47
    • b
    • Dopowiedzenie
    • Stosunki społeczne. Stosunki interpersonalne. Stosunki międzyludzkie. Stosunki między grupami a jednostkami.
080 -Uniwersalna Klasyfikacja Dziesiętna [ , ]
    • 2
    • Identyfikator wydania tablic
    • UDC-P058
    • 9
    • UKD
    • 2821
    • a
    • Symbol klasyfikacji
    • 316.48
    • b
    • Dopowiedzenie
    • Konflikt społeczny. Socjologia konfliktu. Konflikt klasowy. Konflikt rasowy. Konflikt ról. Protest. Terror. Sposoby regulowania konfliktu. Rozwiązywanie konfliktu.
650 -Hasło przedmiotowe [ ,7]
    • a
    • Hasło przedmiotowe
    • Rozwiązywanie konfliktów
    • v
    • Określnik formalny
    • poradniki.
    • 2
    • Źródło terminu
    • kaba
    • 9
    • KHW
    • 364467
980 -Symbol UKD [ , ]
    • a
    • UKD
    • 316.47/.48:331.101:159.9
700 -Hasło dodatkowe - nazwa osobowa [1, ]
    • a
    • Nazwa osobowa (NP)
    • Laurell, Stefan Find
    • d
    • Daty biograficzne (NP)
    • (1974- ).
    • 9
    • KHW
    • 55315
700 -Hasło dodatkowe - nazwa osobowa [1, ]
    • a
    • Nazwa osobowa (NP)
    • Aszyk, Marcin. Find
    • e
    • Określenie rodzaju współpracy
    • Tł.
    • 9
    • KHW
    • 55316
920 -ISBN [ , ]
    • a
    • ISBN
    • 978-83-89537-14-0 Find
Sygnatura Numer inwentarzowy Status udost. Data inwentaryzacji Lokalizacja
T.12967T.12967-22013-05-29T